Tilastot visalle Maantiede - laattavalinta

Klikkaa tästä pelataksesi tätä visaa!

Yleistilastot

  • Tätä visaa on pelattu 915 kertaa
  • Keskiarvotulos 58 / 68

Vastaustilastot

KysymysLaattaSelect% Oikein
Euroopan pääkaupungitPariisiKyllä
99%
Euroopan pääkaupungitKööpenhaminaKyllä
98%
Euroopan pääkaupungitLontooKyllä
98%
Euroopan pääkaupungitOsloKyllä
98%
Euroopan pääkaupungitSaratovEi
98%
Euroopan pääkaupungitMoskovaKyllä
97%
Euroopan pääkaupungitOdessaEi
97%
Yhdysvaltain osavaltiotGuamEi
96%
Yhdysvaltain osavaltiotKuubaEi
96%
Euroopan pääkaupungitValenciaEi
96%
Yhdysvaltain osavaltiotAlaskaKyllä
95%
Euroopan pääkaupungitDublinKyllä
95%
Euroopan pääkaupungitFrankfurtEi
95%
Euroopan pääkaupungitPrahaKyllä
95%
Yhdysvaltain osavaltiotAlabamaKyllä
94%
valtiot, joiden lipuissa on punaistaJapaniKyllä
94%
Euroopan pääkaupungitKiovaKyllä
94%
Karibianmerellä sijaitsevat valtiotKomoritEi
94%
Euroopan pääkaupungitMilanoEi
94%
Yhdysvaltain osavaltiotPuerto RicoEi
94%
valtiot, joiden lipuissa on punaistaIntiaEi
93%
valtiot, joiden lipuissa on punaistaIrlantiEi
93%
Yhdysvaltain osavaltiotHavaijiKyllä
92%
Karibianmerellä sijaitsevat valtiotJamaikaKyllä
92%
Yhdysvaltain osavaltiotMississippiKyllä
92%
valtiot, joiden lipuissa on punaistaNigeriaEi
92%
Karibianmerellä sijaitsevat valtiotPalauEi
92%
valtiot, joiden lipuissa on punaistaSveitsiKyllä
92%
kiinalaiset kaupungitWuhanKyllä
92%
Karibianmerellä sijaitsevat valtiotNauruEi
91%
Yhdysvaltain osavaltiotOklahomaKyllä
91%
Karibianmerellä sijaitsevat valtiotSeychellitEi
91%
Yhdysvaltain osavaltiotIndianaKyllä
90%
valtiot, joiden lipuissa on punaistaSomaliaEi
90%
valtiot, joiden lipuissa on punaistaUruguayEi
90%
Yhdysvaltain osavaltiotIowaKyllä
89%
Karibianmerellä sijaitsevat valtiotKap VerdeEi
89%
kiinalaiset kaupungitAnsanEi
88%
Karibianmerellä sijaitsevat valtiotAntigua ja BarbudaKyllä
88%
Yhdysvaltain osavaltiotArkansasKyllä
88%
Karibianmerellä sijaitsevat valtiotHaitiKyllä
88%
Euroopan pääkaupungitLjubljanaKyllä
87%
Yhdysvaltain osavaltiotLos AngelesEi
87%
valtiot, joiden lipuissa on punaistaBosnia ja HertsegovinaEi
86%
Karibianmerellä sijaitsevat valtiotSaint LuciaKyllä
86%
Karibianmerellä sijaitsevat valtiotSaint Vincent ja GrenadiinitKyllä
86%
Yhdysvaltain osavaltiotWyomingKyllä
86%
Euroopan pääkaupungitBarcelonaEi
84%
valtiot, joiden lipuissa on punaistaItaliaKyllä
83%
kiinalaiset kaupungitBangkokEi
82%
Euroopan pääkaupungitBelgradKyllä
81%
Karibianmerellä sijaitsevat valtiotGrenadaKyllä
80%
Yhdysvaltain osavaltiotMiamiEi
80%
valtiot, joiden lipuissa on punaistaTansaniaEi
77%
Karibianmerellä sijaitsevat valtiotSão Tomé ja PríncipeEi
75%
kiinalaiset kaupungitXi'anKyllä
75%
kiinalaiset kaupungitGuangzhouKyllä
74%
valtiot, joiden lipuissa on punaistaUusi-SeelantiKyllä
74%
Yhdysvaltain osavaltiotWashington DCEi
74%
kiinalaiset kaupungitXiamenKyllä
73%
valtiot, joiden lipuissa on punaistaBelgiaKyllä
71%
kiinalaiset kaupungitDanangEi
71%
valtiot, joiden lipuissa on punaistaAlankomaatKyllä
70%
valtiot, joiden lipuissa on punaistaBulgariaKyllä
70%
valtiot, joiden lipuissa on punaistaPapua-Uusi-GuineaKyllä
57%
kiinalaiset kaupungitChangwonEi
51%
valtiot, joiden lipuissa on punaistaKamerunKyllä
48%
kiinalaiset kaupungitShantouKyllä
48%

Tulosjakauma

Persentiili vastausten määrän mukaan

Jokaisen tuloksen saaneiden osuus

Tuloshistoriasi

Et ole pelannut tätä visaa